Państwa najbardziej oddalone od Londynu - Statystyki

Ogólne statystyki
  • Ten quiz został rozwiązany 170 razy
  • Średni wynik to 16 z 20
Statystyki odpowiedzi
Km Państwa % Poprawnych
11 539 Australia
97%
14 870 Nowa Zelandia
97%
15 668 Fidżi
87%
10 176 Chile
86%
13 487 Papua Nowa Gwinea
86%
14 579 Wyspy Salomona
83%
12 588 Wyspy Marshalla
81%
15 727 Samoa
80%
14 907 Tuvalu
80%
15 575 Vanuatu
79%
14 214 Nauru
78%
12 136 Mikronezja
77%
13 487 Kiribati
75%
10 175 Filipiny
74%
12 111 Palau
74%
13 131 Timor Wschodni
73%
15 998 Tonga
72%
11 231 Brunei
66%
10 833 Singapur
66%
10 626 Urugwaj
57%
Nie znaleziono quizów pasujących do podanych kryteriów
Rozkład punktacji
Procent ludzi z każdym wynikiem
Percentyl według liczby udzielonych odpowiedzi
Twoja historia wyników
Nie rozwiązałeś tego quizu